000
00203 a2200097 4500
001
951
100
_a
Amos, A.W
245
_a
Radio receivers & transmitters
260
_a
_b
Chapman
_c
090
_c
541
_d
541
942
_a
NUST-CAE
_c
M
_c
31834
999
_c
236024
_d
236024